公用語表記から国家名(アジア・ヨーロッパ) - Statistics

General Stats
  • This quiz has been taken 343 times
  • The average score is 47 of 93
Answer Stats
公用語による国名 日本語での国名 備考 % Correct
Republik Indonesia インドネシア共和国
98%
United Kingdom of Great Britain and Northern Ireland グレートブリテン及び北アイルランド連合王国
98%
Republika ng Pilipinas フィリピン共和国
97%
Nederland オランダ
81%
日本国 日本国
81%
Repubblica Italiana イタリア共和国
80%
Türkiye Cumhuriyeti トルコ共和国
79%
Türkmenistan トルクメニスタン
79%
Bosna i Hercegovina ボスニア・ヘルツェゴビナ
78%
中华人民共和国 中華人民共和国
78%
República Portuguesa ポルトガル共和国
77%
Principauté de Monaco モナコ共和国
77%
Republica Moldova モルドバ共和国
77%
Ísland アイスランド
76%
Malaysia マレーシア
76%
中華民國(臺灣) 中華民国(台湾) 国連非加盟(元加盟国)
76%
Repubblika ta' Malta マルタ共和国
75%
Koninkrijk België ベルギー王国
74%
Danmark デンマーク
74%
Republic of Singapore シンガポール共和国
73%
Repubblica di San Marino サンマリノ共和国
73%
Status Civitatis Vaticanae バチカン市国 国連非加盟(オブザーバー)
72%
Azərbaycan Respublikası アゼルバイジャン共和国
72%
România ルーマニア
72%
Grand-Duché de Luxembourg ルクセンブルク大公国
71%
대한민국 大韓民国
71%
Republika Slovenija スロベニア共和国
71%
조선민주주의인민공화국 朝鮮民主主義人民共和国
71%
République française フランス共和国
70%
Fürstentum Liechtenstein リヒテンシュタイン公国
69%
Bundesrepublik Deutschland ドイツ連邦共和国
69%
Principat d'Andorra アンドラ公国
69%
Latvijas Republika ラトビア共和国
68%
Republik Österreich オーストリア共和国
68%
Reino de España スペイン王国
67%
Slovenská republika スロバキア共和国
66%
Česká republika チェコ共和国
64%
Republika Demokratika Timor Lorosa'e 東ティモール民主共和国
63%
Oʻzbekiston Respublikasi ウズベキスタン共和国
63%
Cộng hòa xã hội chủ nghĩa Việt Nam ベトナム社会主義共和国
63%
Schweizerische Eidgenossenschaft スイス連邦
62%
Российская Федерация ロシア連邦
60%
Rzeczpospolita Polska ポーランド共和国
60%
Lietuvos Respublika リトアニア共和国
58%
Қазақстан Республикасы カザフスタン共和国
56%
Република Северна Македонија 北マケドニア共和国
56%
भारत インド
51%
ราชอาณาจักรไทย タイ王国
49%
المملكة العربية السعودية サウジアラビア王国
48%
دولة فلسطين パレスチナ国 国連非加盟(オブザーバー)
48%
Kongeriket Norge ノルウェー王国
48%
ပြည်ထောင်စု သမ္မတ မြန်မာနိုင်ငံတော် ミャンマー連邦共和国
47%
Україна ウクライナ
46%
מדינת ישראל‎ イスラエル国
42%
Konungariket Sverige スウェーデン王国
42%
Ελληνική Δημοκρατία ギリシャ共和国
42%
ព្រះរាជាណាចក្រកម្ពុជា カンボジア王国
41%
Éire アイルランド
40%
Рэспу́бліка Белару́сь ベラルーシ共和国
39%
Suomen tasavalta フィンランド共和国
38%
গণপ্রজাতন্ত্রী বাংলাদেশ バングラデシュ人民共和国
37%
Magyarország ハンガリー
36%
ශ්‍රී ලංකා ප්‍රජාතාන්ත්‍රික සමාජවාදී ජනරජය スリランカ民主社会主義共和国
35%
საქართველო ジョージア
34%
Република България ブルガリア共和国
34%
ສາທາລະນະລັດ ປະຊາທິປະໄຕ ປະຊາຊົນລາວ ラオス人民民主共和国
34%
Ҷумҳурии Тоҷикистон タジキスタン共和国
33%
सङ्घीय लोकतान्त्रिक गणतन्त्र नेपाल ネパール連邦民主共和国
33%
Кыргыз Республикасы キルギス共和国
33%
Κυπριακή Δημοκρατία キプロス共和国
32%
Република Србија セルビア共和国
31%
Հայաստանի Հանրապետություն アルメニア共和国
30%
جمهوری اسلامی ایران イラン・イスラム共和国
29%
འབྲུག་ཡུལ་ ブータン王国
27%
Eesti Vabariik エストニア共和国
27%
Republika Hrvatska クロアチア共和国
25%
دولة الكويت クウェート国
23%
الإمارات العربية المتحدة アラブ首長国連邦
21%
ދިވެހި ރާއްޖޭގެ ޖުމްހޫރިއްޔާ モルディブ共和国
21%
ᠮᠣᠩᠭᠣᠯ ᠤᠯᠤᠰ モンゴル国
20%
دولة قطر カタール国
20%
جمهورية العراق イラク共和国
20%
سلطنة عمان オマーン国
16%
Crna Gora モンテネグロ
15%
د افغانستان إسلامي امارت アフガニスタン・イスラム首長国
15%
الجمهورية العربية السورية シリア・アラブ共和国
15%
مملكة البحرين バーレーン王国
15%
الجمهورية اللبنانية レバノン共和国
14%
الجمهورية اليمنية イエメン共和国
14%
اسلامی جمہوریہ پاكستان パキスタン・イスラム共和国
14%
المملكة الأردنيّة الهاشميّة ヨルダン・ハシミテ王国
13%
نڬارا بروني دارالسلام ブルネイ・ダルサラーム国
11%
Republika e Shqipërisë アルバニア共和国
9%
No matching quizzes found
Score Distribution
Percent of People with Each Score
Percentile by Number Answered
Your Score History
You have not taken this quiz